Hearing on President Obama's Trade Policy Agenda with U.S. Trade Representative Michael Froman.

Bibliographic Details
Corporate Author: United States. Congress. House. Committee on Ways and Means
Format: Government Document eBook
Language:English
Published: Bethesda, Md. : ProQuest, 2013.
Subjects:
Online Access:Electronic resource (PDF)

MARC

Tag First Indicator Second Indicator Subfields
LEADER 00000cam a22000001a 4500
001 in00004158321
005 20200117093633.0
006 m d f
007 cr bn mmmapmmp
008 140915s2013 mdu o f000 0 eng d
035 |a chdc20131009 
040 |a UMI  |c UMI  |d UtOrBLW 
086 0 |a Y 4.W 36:113-FC 11 
110 1 |a United States.  |b Congress.  |b House.  |b Committee on Ways and Means.  |0 http://id.loc.gov/authorities/names/n79017982 
245 1 0 |a Hearing on President Obama's Trade Policy Agenda with U.S. Trade Representative Michael Froman. 
264 1 |a Bethesda, Md. :  |b ProQuest,  |c 2013. 
300 |a 131 pages, digital, PDF file. 
336 |a text  |b txt  |2 rdacontent 
337 |a computer  |b c  |2 rdamedia 
338 |a online resource  |b cr  |2 rdacarrier 
500 |a Record is based on bibliographic data in ProQuest U.S. Congressional Hearings Digital Collection. Reuse except for individual research requires license from ProQuest, LLC. 
500 |a Electronic resource. 
533 |a Electronic reproduction.  |b [Bethesda, Md.] :  |c ProQuest,  |d 2013.  |e digital, PDF file.  |n ProQuest Congressional Hearings Digital Collection.  |n Mode of access: World Wide Web via ProQuest website. 
538 |a System requirements: PDF reader software. 
610 1 0 |a United States.  |b Office of the U.S. Trade Representative.  |0 http://id.loc.gov/authorities/names/n80084079 
650 0 |a Foreign trade promotion.  |0 http://id.loc.gov/authorities/subjects/sh85050527 
650 0 |a International trade.  |0 http://id.loc.gov/authorities/subjects/sh87004890 
776 0 8 |i Microfiche version:  |a United States. Congress. House. Committee on Ways and Means  |t Hearing on President Obama's Trade Policy Agenda with U.S. Trade Representative Michael Froman  |o CIS 2013 H781-44  |w cis201301930 
856 4 0 |u http://proxy.library.tamu.edu/login?url=http://search.proquest.com/congcomp/getdoc?HEARING-ID=HRG-2013-WAM-0002  |y Electronic resource (PDF)  |z CIS 2013-H781-44  |t 0 
998 |a cis201301930 
999 f f |s 4b27c069-9c27-3e52-9d9c-fc01a5626e10  |i 424e22fb-31e7-32c4-9eea-78b0af7d1721  |t 0 
952 f f |a Texas A&M University  |b College Station  |c Electronic Resources  |d Available Online  |t 0  |e Y 4.W 36:113-FC 11  |h Superintendent of Documents classification 
998 f f |a Y 4.W 36:113-FC 11  |t 0  |l Available Online